000 00540nam a2200217 a 4500
999 _c6589
_d6589
001 6589
003 BD-JhCC
005 20180130180053.0
008 180127s1962 e |||| || | 000 0 eng d
035 _a(BD-JhCC)6589
040 _aBD-JhCC
_dBD-JhCC
041 _aeng
082 _a422.08
_bONE 1962
245 _aOne-Act Comedies /
_cPhilip Wayne,
260 _aLondon :
_bLongmans, Green and Co. Ltd,
_c1962
300 _a175 p. :
_c17 cm.
650 _aFrench Drama
700 _aWayne, Philip
942 _2ddc
_cBK